Name a Country that Borders.. - Statistics

General Stats
  • This quiz has been taken 24 times
  • The average score is 15 of 17
Answer Stats
Hint Answer % Correct
Name a country that borders the United States Canada · Mexico
100%
Name a country that borders France Italy · Switzerland · Belgium + 6 others
95%
Name a country that borders Bolivia Chile · Peru + 3 others
91%
Name a country that borders Mozambique Eswatini · Zambia + 4 others
91%
Name a country that borders Sudan Ethiopia · Libya · Chad + 4 others
91%
Name a country that borders Turkey Greece · Iraq · Azerbaijan + 5 others
91%
Name a country that borders Senegal Guinea · Mali + 3 others
91%
Name a country that borders Slovenia Italy · Croatia + 2 others
91%
Name a country that borders Romania Moldova · Ukraine + 3 others
91%
Name a country that borders India Nepal · Pakistan + 4 others
91%
Name a country that borders North Korea South Korea · Russia · China
91%
Name a country that borders Brazil Suriname · Paraguay + 7 others
91%
Name a country that borders Panama Colombia - Costa Rica
86%
Name a country that borders East Timor Indonesia
86%
Name a country that borders Nigeria Niger · Chad + 2 others
86%
Name a country that borders Uzbekistan Turkmenistan · Kazakhstan + 2 others
82%
Name a country that borders Equatorial Guinea Gabon · Cameroon
73%
No matching quizzes found
Score Distribution
Percent of People with Each Score
Percentile by Number Answered
Your Score History
You have not taken this quiz